DOPPELGANGER

Malam yang penuh acara di SMKA Kota Senja atau lebih dikenali sebagai SMAX. Di Dewan Besar, para pelajar baharu sedang melalui proses orientasi. Di kelas-kelas dalam bangunan sekolah, para pelajar lama sibuk dengan aktiviti masing-masing. Tapi nun di tingkat bawah, bertemankan malap lampu kalimantan...

Full description

Saved in:
Bibliographic Details
Main Author: Nurul Syahida (Author)
Format: Book
Language:Malay
Published: Shah Alam, Selangor GRUP BUKU KARANGKRAF SDN. BHD. 2024
Subjects:
Tags: Add Tag
No Tags, Be the first to tag this record!
Call Number :PL 5139.N79

MARC

LEADER 00000nam a2200000 c 4500
001 95788
003 MY-KLNDU
005 20241220004453.0
008 240620 20242024my 000 1 may d
020 |a 9789674981679 (pbk) 
039 9 |a 202410021142  |b rafizah  |y 202406201429  |z dewi 
040 |a MY-KlNDU  |b eng  |c MY-KlNDU  |e rda 
050 0 0 |a PL 5139.N79 
090 |a PL 5139.N79  |b DOP 2024 
100 0 |a Nurul Syahida  |e author 
245 1 0 |a DOPPELGANGER  |c NURUL SYAHIDA 
264 1 |a Shah Alam, Selangor  |b GRUP BUKU KARANGKRAF SDN. BHD.  |c 2024 
264 4 |c ©2024 
300 |a 337 pages  |c 19 cm 
336 |a text  |2 rdacontent 
337 |a unmediated  |2 rdamedia 
338 |a volume  |2 rdacarrier 
520 |a Malam yang penuh acara di SMKA Kota Senja atau lebih dikenali sebagai SMAX. Di Dewan Besar, para pelajar baharu sedang melalui proses orientasi. Di kelas-kelas dalam bangunan sekolah, para pelajar lama sibuk dengan aktiviti masing-masing. Tapi nun di tingkat bawah, bertemankan malap lampu kalimantang dan tersorok di balik koperasi sekolah, seorang pemuda bernama Hadi dan seorang gadis yang mahu digelar Dot menghabiskan waktu prep malam mereka dengan kisah-kisah seram yang pernah menjadi topik perbualan di sekolah mereka. Ada kisah Manggis dan Sawi yang cuba menakutkan pelajar junior mereka, Si Jongang dengan kisah 'Hantu Separuh'. Ada pula cerita malang Sara yang hanya mahu hidup aman dan tenteram di Dorm 46. Ada kisah cermin nombor tiga tandas Aspura yang kononnya menyimpan refleksi selebriti terkenal. "Biar saya ingatkan. Hantu tak wujud, apatah lagi hantu yang kejar orang."- Ustaz Nadimin "Separuh badannya tersembunyi di balik tangga. Kepalanya dibengkokkan ke kanan, macam mengintai saya. Rambutnya yang putih panjang mengurai." - Nisa "Mungkin dorm kau ada penunggu agaknya. Atau mungkin ada benda tak elok nak kacau kau." - Mastura 
592 |a 43290  |b 26/7/2024  |c RM26.97  |h Bookline Services 
650 0 |a Malay fiction 
650 0 |a Malaysian fiction (Malay) 
650 0 |a Ghost stories, Malay 
999 |a vtls000107126  |c 95788  |d 95788